000 01436nam a2200349 a 4500
001 000114729
003 CHAP
005 20220329144455.0
008 180403s2014 sp a |r| ||||||spa d
010 _a111190
011 _a112162
020 _a978-84-995883-2-2 (Volumen I)
020 _a978-84-995883-3-9 (Volumen II)
020 _a9788499588346 (Obra completa)
040 _cCHAP
082 0 4 _a664.8
_bT25
245 0 0 _aTecnología de los alimentos de origen vegetal /
_ccoordinado por Ana Casp Vanaclocha.
260 _aMadrid :
_bEditorial Sintesis,
_c2014.
300 _a2 v. :
_bil.
490 _aManuales científicos - técnicos
500 _aLa biblioteca tiene v.1 Aceites, Vegetales frescos, Vegetales conservados por calor o por congelación, Zumos de frutas, Frutas consevadas por reducción de su actividad de agua, Vegetales deshidratados. v.2 Transformación de cereales, Panificación, respostería y galletería, Vino, Cerveza, Productos derivados de la fermentación, Azúcar, Chocolate.
590 _aE5765TAJ
_b05
_c20180403
_lUCH01
_h0921
590 _aE5765TAJ
_b05
_c20180403
_lUCH01
_h0922
650 1 4 _aAlimentos
_xBacteriología.
_94171
650 1 4 _aAlimentos
_xConservación.
_94179
650 1 4 _aHortalizas
_xConservación.
_9134632
650 1 4 _aHortalizas
_xProcesamiento.
_9125090
830 0 _aManuales científicos - técnicos
_9135009
901 _aBK
942 _cLIBRO
942 _n0
999 _c111190
_d111190